[Event "Open 2003 des PSV Rostock"]
[Site "Rostock"]
[Date "2003.08.30"]
[Round "5.22"]
[White "Ernst, Mathias"]
[Black "Feige, Rene"]
[Result "1-0"]
[WhiteElo "1612"]
[BlackElo "1796"]
[PlyCount "95"]
[EventDate "2003.08.28"]
[EventType "swiss"]
[EventRounds "7"]
[EventCountry "GER"]
[Source "Th. Schwetlick"]
[SourceDate "2003.08.28"]

1. e4 Nf6 2. e5 Nd5 3. Nf3 d6 4. d4 Bg4 5. Bc4 e6 6. Qd3 Nb4 7. Qb3 d5 8. Be2
a5 9. Qa4+ Qd7 10. Qxd7+ Nxd7 11. Na3 c5 12. c3 Nc6 13. Nb5 Kd8 14. Ng5 Bxe2
15. Nxf7+ Ke8 16. Nbd6+ Bxd6 17. Nxd6+ Ke7 18. Bg5+ Kf8 19. Kxe2 cxd4 20. f4
dxc3 21. bxc3 b6 22. Rhf1 g6 23. g4 h6 24. Bh4 Kg7 25. f5 exf5 26. e6 Nf6 27.
gxf5 g5 28. Bg3 Ra7 29. Rab1 Rb8 30. Nb5 Rbb7 31. Nxa7 Nxa7 32. Be5 Nc6 33. Bd4
Nxd4+ 34. cxd4 Ne4 35. Rbc1 Kf6 36. Rc8 b5 37. Rf8+ Kg7 38. Rd8 Re7 39. Rd7 Kf6
40. Rxe7 Kxe7 41. Rc1 Kd6 42. Rc8 h5 43. Kf3 Nd2+ 44. Kg2 Ne4 45. Rd8+ Ke7 46.
Rd7+ Kf8 47. Rxd5 Nc3 48. Re5 1-0

[Event "Open 2003 des PSV Rostock"]
[Site "Rostock"]
[Date "2003.08.30"]
[Round "5.23"]
[White "Oelke, Bernd"]
[Black "Roehl, Ivonne"]
[Result "1-0"]
[WhiteElo "1826"]
[BlackElo "1588"]
[PlyCount "99"]
[EventDate "2003.08.28"]
[EventType "swiss"]
[EventRounds "7"]
[EventCountry "GER"]
[Source "Th. Schwetlick"]
[SourceDate "2003.08.28"]

1. d4 Nf6 2. Nf3 g6 3. Bf4 Bg7 4. c3 O-O 5. h3 d6 6. e3 Nbd7 7. Nbd2 Re8 8. Bh2
e5 9. dxe5 Nxe5 10. Be2 Nc6 11. O-O Qe7 12. Re1 Be6 13. Nd4 Nxd4 14. exd4 Qd7
15. Bd3 Re7 16. Qc2 Rae8 17. b3 Bh6 18. Rf1 Nd5 19. c4 Nf4 20. Bxf4 Bxf4 21.
Ne4 Kg7 22. Rad1 Bxh3 23. gxh3 Qxh3 24. Ng3 h5 25. c5 h4 26. Bf5 gxf5 27. Qxf5
Qxf5 28. Nxf5+ Kf6 29. Nxe7 Rxe7 30. Rfe1 Rd7 31. Kg2 Kf5 32. Kh3 f6 33. b4 b6
34. c6 Rg7 35. b5 Bg5 36. Rd3 Kf4 37. Rde3 f5 38. Ra3 Rf7 39. d5 Rg7 40. Ree3
Re7 41. Rxe7 Bxe7 42. Rxa7 Bd8 43. Ra8 Bf6 44. Rf8 Ke5 45. Rf7 Bd8 46. Rf8 Bg5
47. Rc8 Kxd5 48. Rxc7 Ke6 49. Rg7 Bd8 50. c7 1-0

[Event "Open 2003 des PSV Rostock"]
[Site "Rostock"]
[Date "2003.08.30"]
[Round "5.24"]
[White "Kasper, Mike"]
[Black "Hinkelmann, Dieter"]
[Result "1-0"]
[WhiteElo "1794"]
[BlackElo "1552"]
[PlyCount "100"]
[EventDate "2003.08.28"]
[EventType "swiss"]
[EventRounds "7"]
[EventCountry "GER"]
[Source "Th. Schwetlick"]
[SourceDate "2003.08.28"]

1. e4 c5 2. Nf3 e6 3. d4 cxd4 4. Nxd4 a6 5. Bd3 Nc6 6. Be3 Nf6 7. O-O Qc7 8.
Nc3 Nxd4 9. Bxd4 Bc5 10. Ne2 Bxd4 11. Nxd4 O-O 12. Qe2 e5 13. Nf5 d6 14. Ne3
Bd7 15. c3 Bc6 16. Nf5 d5 17. exd5 Bxd5 18. Qe3 Ne8 19. Qg5 f6 20. Qh4 g6 21.
Ne3 Be6 22. Rad1 Rd8 23. Bb1 Rf7 24. Rxd8 Qxd8 25. Rd1 Rd7 26. Qa4 Rxd1+ 27.
Nxd1 Nd6 28. Ne3 Bd7 29. Qb3+ Kg7 30. Qd5 Bc6 31. Qd1 Nf7 32. Qe1 e4 33. g4 Ng5
34. Qe2 Nf3+ 35. Kg2 Qd6 36. Nf1 Qf4 37. Ng3 Qxg4 38. Bxe4 Nh4+ 39. Kf1 Qxe2+
40. Kxe2 Bxe4 41. Nxe4 Nf5 42. Nc5 Nd6 43. Kd3 Kf7 44. Kd4 Ke7 45. Kd5 h6 46.
Nd3 g5 47. c4 Nc8 48. c5 Na7 49. Nb4 Kd7 50. Nd3 a5 {Rest unklar} 1-0

[Event "Open 2003 des PSV Rostock"]
[Site "Rostock"]
[Date "2003.08.30"]
[Round "5.25"]
[White "Schmidt, Wolfgang"]
[Black "Heinisch, Uwe"]
[Result "1-0"]
[WhiteElo "1776"]
[BlackElo "1622"]
[PlyCount "65"]
[EventDate "2003.08.28"]
[EventType "swiss"]
[EventRounds "7"]
[EventCountry "GER"]
[Source "Th. Schwetlick"]
[SourceDate "2003.08.28"]

1. d4 d6 2. g3 g6 3. Bg2 Bg7 4. Nf3 Nd7 5. O-O Ngf6 6. c4 c6 7. Nc3 O-O 8. Qc2
Qc7 9. e4 e5 10. d5 a6 11. Bg5 c5 12. Ne1 h6 13. Bd2 Ne8 14. f4 f6 15. Qd3 Rf7
16. Bh3 Nf8 17. Bxc8 Rxc8 18. Ng2 Rd8 19. fxe5 fxe5 20. Rxf7 Qxf7 21. Rf1 Qc7
22. Nh4 Rd7 23. g4 Rf7 24. g5 h5 25. a3 Rxf1+ 26. Kxf1 Qf7+ 27. Ke2 Nd7 28. Qh3
Bf8 29. Nxg6 Qxg6 30. Qxd7 h4 31. Kf3 Ng7 32. Qg4 Qf7+ 33. Kg2 1-0

[Event "Open 2003 des PSV Rostock"]
[Site "Rostock"]
[Date "2003.08.30"]
[Round "5.26"]
[White "Glebow, Roman"]
[Black "Kripfganz, Sebastian"]
[Result "0-1"]
[WhiteElo "1498"]
[BlackElo "1764"]
[PlyCount "78"]
[EventDate "2003.08.28"]
[EventType "swiss"]
[EventRounds "7"]
[EventCountry "GER"]
[Source "Th. Schwetlick"]
[SourceDate "2003.08.28"]

1. e4 c5 2. Nf3 Nc6 3. d4 cxd4 4. Nxd4 Nf6 5. Nc3 d6 6. f3 e6 7. Be3 Be7 8. Be2
O-O 9. O-O a6 10. Qd2 Qc7 11. f4 Rd8 12. Qe1 Nxd4 13. Bxd4 e5 14. Be3 d5 15.
exd5 exf4 16. Rxf4 Nxd5 17. Nxd5 Rxd5 18. c4 Re5 19. Qf2 Be6 20. Bb6 Qxb6 21.
Qxb6 Bc5+ 22. Qxc5 Rxc5 23. Rd1 Kf8 24. b3 Ke7 25. Bf3 Rb8 26. a4 a5 27. Rfd4
g5 28. Bd5 Bf5 29. Be4 Bg4 30. Bf3 Bxf3 31. gxf3 h6 32. Rd7+ Kf6 33. R1d6+ Ke5
34. Rxh6 f6 35. Rhh7 b6 36. Rhe7+ Kf4 37. Kf2 Rh8 38. Re4+ Kf5 39. Kg3 Rc6 {ZÜ}
0-1

[Event "Open 2003 des PSV Rostock"]
[Site "Rostock"]
[Date "2003.08.30"]
[Round "5.28"]
[White "Loeke, Patrick"]
[Black "Niessner, Robert"]
[Result "1/2-1/2"]
[WhiteElo "1655"]
[BlackElo "1533"]
[PlyCount "54"]
[EventDate "2003.08.28"]
[EventType "swiss"]
[EventRounds "7"]
[EventCountry "GER"]
[Source "Th. Schwetlick"]
[SourceDate "2003.08.28"]

1. e4 c6 2. d4 d5 3. Nd2 dxe4 4. Nxe4 Nd7 5. Ng5 Ngf6 6. Bd3 h6 7. Ne6 Qb6 8.
Nxf8 Nxf8 9. c3 Bg4 10. Ne2 e6 11. Qc2 Bh5 12. O-O Bg6 13. Nf4 Bxd3 14. Nxd3
N8d7 15. Bf4 O-O 16. Rfe1 Nh5 17. Bd6 Rfe8 18. Nf4 Nxf4 19. Bxf4 Nf6 20. Rad1
Rad8 21. Rd3 Rd5 22. Be5 Qd8 23. Bxf6 Qxf6 24. Rf3 Qg5 25. Rg3 Qf5 26. Qd2 Qf6
27. Rf3 Rf5 1/2-1/2

[Event "Open 2003 des PSV Rostock"]
[Site "Rostock"]
[Date "2003.08.30"]
[Round "5.29"]
[White "Ehlers, Michael"]
[Black "Krueger, Alexander"]
[Result "0-1"]
[WhiteElo "1340"]
[BlackElo "1640"]
[PlyCount "38"]
[EventDate "2003.08.28"]
[EventType "swiss"]
[EventRounds "7"]
[EventCountry "GER"]
[Source "Th. Schwetlick"]
[SourceDate "2003.08.28"]

1. f4 d5 2. Nf3 Nf6 3. e3 Bf5 4. Be2 Nc6 5. O-O e6 6. b3 d4 7. Nh4 Bc5 8. Nxf5
exf5 9. Bd3 g6 10. Qe1 Qe7 11. Rf3 O-O-O 12. h3 Rhe8 13. a3 dxe3 14. dxe3 Nd5
15. Kf2 Qh4+ 16. Kf1 Qxe1+ 17. Kxe1 Nxe3 18. Bxe3 Bxe3 19. Kf1 Nd4 0-1

[Event "Open 2003 des PSV Rostock"]
[Site "Rostock"]
[Date "2003.08.30"]
[Round "5.30"]
[White "Gebert, Ralf"]
[Black "Suliga, Eckhard"]
[Result "1-0"]
[WhiteElo "1815"]
[BlackElo "1661"]
[PlyCount "87"]
[EventDate "2003.08.28"]
[EventType "swiss"]
[EventRounds "7"]
[EventCountry "GER"]
[Source "Th. Schwetlick"]
[SourceDate "2003.08.28"]

1. e4 e6 2. d4 d5 3. Nc3 Bb4 4. e5 c5 5. a3 Bxc3+ 6. bxc3 Ne7 7. Nf3 Bd7 8. Be2
Ba4 9. O-O Nbc6 10. Rb1 Qc7 11. Bb5 Bxb5 12. Rxb5 cxd4 13. cxd4 a6 14. Rb1 Rc8
15. Bd2 b5 16. a4 bxa4 17. c4 dxc4 18. Qxa4 O-O 19. Rfc1 Rb8 20. Rxb8 Rxb8 21.
Qxc4 Qb6 22. h3 Qb5 23. Qc2 a5 24. Ng5 g6 25. Be3 Qd5 26. Ne4 Kh8 27. Nf6 Qd8
28. Qe4 Nb4 29. Qh4 h5 30. Qg5 Ng8 31. g4 Nd5 32. gxh5 Ndxf6 33. hxg6 fxg6 34.
exf6 Qxf6 35. Qxa5 Qf5 36. Qxf5 gxf5 37. Bf4 Re8 38. Rc7 Ne7 39. Be5+ Kg8 40.
Kg2 Kf7 41. Bd6 Kf6 42. Rxe7 Rxe7 43. Bxe7+ Kxe7 44. Kf3 1-0

[Event "Open 2003 des PSV Rostock"]
[Site "Rostock"]
[Date "2003.08.30"]
[Round "5.31"]
[White "Vladov, Mark"]
[Black "Uphoff, Juergen"]
[Result "1/2-1/2"]
[WhiteElo "1735"]
[BlackElo "1413"]
[PlyCount "77"]
[EventDate "2003.08.28"]
[EventType "swiss"]
[EventRounds "7"]
[EventCountry "GER"]
[Source "Th. Schwetlick"]
[SourceDate "2003.08.28"]

1. Nf3 Nf6 2. b3 d5 3. g3 Bg4 4. Ne5 Nbd7 5. Nxg4 Nxg4 6. Bh3 Ngf6 7. Bb2 e6 8.
O-O Be7 9. f4 c6 10. e3 O-O 11. d3 Rc8 12. Nd2 Re8 13. Nf3 h6 14. Kh1 Nh7 15.
e4 dxe4 16. dxe4 Bf6 17. e5 Be7 18. Qe2 Qc7 19. c4 Rcd8 20. Rad1 Nc5 21. Nd4
Nd7 22. Bxe6 Ndf8 23. Bf5 Bc5 24. Nc2 Ne6 25. b4 Bf8 26. Qe4 g6 27. Bxe6 Rxe6
28. Rxd8 Qxd8 29. Qd4 Qxd4 30. Bxd4 a6 31. c5 Bg7 32. Ba1 Re8 33. Rd1 Nf8 34.
Rd6 Ne6 35. Nd4 g5 36. Nxe6 fxe6 37. Rd7 gxf4 38. gxf4 Rf8 39. Rd4 1/2-1/2

[Event "Open 2003 des PSV Rostock"]
[Site "Rostock"]
[Date "2003.08.30"]
[Round "5.32"]
[White "Rath, Wolfgang"]
[Black "Kupfer, Wilfried"]
[Result "1-0"]
[WhiteElo "1730"]
[BlackElo "1185"]
[PlyCount "89"]
[EventDate "2003.08.28"]
[EventType "swiss"]
[EventRounds "7"]
[EventCountry "GER"]
[Source "Th. Schwetlick"]
[SourceDate "2003.08.28"]

1. e4 c5 2. Nf3 Nc6 3. d4 cxd4 4. Nxd4 Nf6 5. Nc3 d6 6. f3 e6 7. Be3 a6 8. Qd2
Bd7 9. O-O-O b5 10. Bg5 b4 11. Nce2 a5 12. Nxc6 Bxc6 13. Nd4 Qb6 14. Bxf6 gxf6
15. b3 h5 16. Qd3 Bd7 17. Nb5 Bxb5 18. Qxb5+ Qxb5 19. Bxb5+ Ke7 20. g3 Bg7 21.
Rhe1 Rhb8 22. Ba4 e5 23. Rd5 Ra7 24. Red1 Rd8 25. Rb5 Ke6 26. Rdd5 f5 27. Rxa5
Rc7 28. Bb5 Rc3 29. Bc4 Kf6 30. Rd3 Bh6+ 31. Kd1 f4 32. Rb5 Rxd3+ 33. cxd3 fxg3
34. hxg3 Rg8 35. Rb7 Rxg3 36. Rxf7+ Kg5 37. Rf5+ Kh4 38. Bf7 Rg1+ 39. Ke2 Bg5
40. Be8 Rg2+ 41. Kf1 Rxa2 42. Bf7 Rd2 43. Bc4 Rh2 44. Kg1 Bf4 45. Rxf4+ 1-0

[Event "Open 2003 des PSV Rostock"]
[Site "Rostock"]
[Date "2003.08.30"]
[Round "5.33"]
[White "Wessolek, Peter"]
[Black "Burghardt, Bernd"]
[Result "0-1"]
[WhiteElo "1492"]
[BlackElo "1663"]
[PlyCount "44"]
[EventDate "2003.08.28"]
[EventType "swiss"]
[EventRounds "7"]
[EventCountry "GER"]
[Source "Th. Schwetlick"]
[SourceDate "2003.08.28"]

1. e4 c6 2. f4 d5 3. exd5 cxd5 4. d4 Nf6 5. Nf3 Bg4 6. Be2 Nc6 7. Be3 e6 8. O-O
Qb6 9. Nbd2 Bd6 10. c4 Qc7 11. Ne5 Bxe2 12. Qxe2 dxc4 13. Nexc4 Nd5 14. Nxd6+
Qxd6 15. Ne4 Qb4 16. Rfd1 O-O 17. a3 Qb6 18. Bc1 Nxd4 19. Rxd4 Qxd4+ 20. Kh1
Rac8 21. Nd6 Rxc1+ 22. Rxc1 Qxf4 0-1

[Event "Open 2003 des PSV Rostock"]
[Site "Rostock"]
[Date "2003.08.30"]
[Round "5.34"]
[White "Roesch, Christian"]
[Black "Deicke, Detlef"]
[Result "0-1"]
[WhiteElo "1550"]
[BlackElo "995"]
[PlyCount "124"]
[EventDate "2003.08.28"]
[EventType "swiss"]
[EventRounds "7"]
[EventCountry "GER"]
[Source "Th. Schwetlick"]
[SourceDate "2003.08.28"]

1. d4 Nf6 2. c4 e5 3. dxe5 Ng4 4. e4 Nxe5 5. f4 Bb4+ 6. Nc3 Bxc3+ 7. bxc3 Ng6
8. Nf3 Nc6 9. Be2 O-O 10. O-O b6 11. Qd5 Qe8 12. Bd3 d6 13. Be3 Nge7 14. Qh5 f5
15. Qg5 Rf6 16. Rae1 h6 17. Qg3 fxe4 18. Bxe4 Nf5 19. Bd5+ Be6 20. Qf2 Qd7 21.
Bd4 Bxd5 22. cxd5 Nfxd4 23. Nxd4 Nxd4 24. Qxd4 Rff8 25. Re6 c5 26. Qd3 Rae8 27.
f5 Rxe6 28. dxe6 Qe7 29. Qd5 Rc8 30. Rd1 Rd8 31. Rd3 Kh8 32. Qe4 b5 33. Qc6 b4
34. cxb4 cxb4 35. Rd2 Kg8 36. Qb5 Rf8 37. Qd7 Qxd7 38. exd7 Kf7 39. Rxd6 Ke7
40. Ra6 Ra8 41. Ra4 a5 42. h4 Kxd7 43. Kf2 Kc6 44. a3 Kb5 45. axb4 Kxa4 46.
bxa5 Rxa5 47. g4 h5 48. Kf3 Kb5 49. Kf4 Ra6 50. gxh5 Rf6 51. Kg5 Kc5 52. Kg4
Kd4 53. Kf4 Rh6 54. Kg5 Ke5 55. Kg4 Rf6 56. Kg5 Ke4 57. h6 Rxh6 58. Kg4 Rf6 59.
Kh5 Rh6+ 60. Kg5 Ke5 61. Kg4 Kf6 62. h5 Rh8 0-1

[Event "Open 2003 des PSV Rostock"]
[Site "Rostock"]
[Date "2003.08.30"]
[Round "6.1"]
[White "Tomczak, Rafal"]
[Black "Steinhagen, Bernd"]
[Result "1/2-1/2"]
[WhiteElo "2295"]
[BlackElo "2222"]
[PlyCount "37"]
[EventDate "2003.08.28"]
[EventType "swiss"]
[EventRounds "7"]
[EventCountry "GER"]
[Source "Th. Schwetlick"]
[SourceDate "2003.08.28"]

1. e4 c5 2. Nf3 e6 3. d4 cxd4 4. Nxd4 Nf6 5. Nc3 Nc6 6. Nxc6 bxc6 7. e5 Nd5 8.
Ne4 Qc7 9. f4 Qb6 10. Bd3 Ba6 11. Bxa6 Qxa6 12. Qe2 Qxe2+ 13. Kxe2 f5 14. Nf2
d6 15. Nd3 dxe5 16. Nxe5 Bd6 17. Nd3 O-O-O 18. c4 Nf6 19. Be3 1/2-1/2

[Event "Open 2003 des PSV Rostock"]
[Site "Rostock"]
[Date "2003.08.30"]
[Round "6.2"]
[White "Seils, Joerg"]
[Black "Ruesch, Hans Joachim"]
[Result "1-0"]
[WhiteElo "2370"]
[BlackElo "2110"]
[PlyCount "83"]
[EventDate "2003.08.28"]
[EventType "swiss"]
[EventRounds "7"]
[EventCountry "GER"]
[Source "Th. Schwetlick"]
[SourceDate "2003.08.28"]

1. e4 g6 2. d4 Bg7 3. c3 d6 4. Bd3 Nf6 5. Nf3 O-O 6. Bg5 h6 7. Bxf6 Bxf6 8. Qd2
Bg7 9. Na3 c5 10. dxc5 dxc5 11. Nc2 Nc6 12. Ne3 Rb8 13. Qe2 Qa5 14. O-O b5 15.
a3 a6 16. Rfd1 Be6 17. Nd5 Bg4 18. h3 Bxf3 19. Qxf3 Qd8 20. Qg3 e6 21. Ne3 Qg5
22. Ng4 Qe7 23. f4 h5 24. Ne3 Rbd8 25. e5 c4 26. Be4 Qc5 27. Qf2 Ne7 28. Nc2
Qxf2+ 29. Kxf2 f6 30. exf6 Bxf6 31. Ke2 Rde8 32. Rd6 e5 33. Rxa6 exf4 34. Kf3
g5 35. Rd1 Be5 36. Rd7 Bf6 37. Nd4 Bxd4 38. cxd4 Nf5 39. Bd5+ Kh8 40. Raa7 g4+
41. hxg4 hxg4+ 42. Kxg4 1-0

[Event "Open 2003 des PSV Rostock"]
[Site "Rostock"]
[Date "2003.08.30"]
[Round "6.4"]
[White "Schramm, Christian"]
[Black "Gottschalk, Jens"]
[Result "0-1"]
[WhiteElo "2353"]
[BlackElo "2195"]
[PlyCount "60"]
[EventDate "2003.08.28"]
[EventType "swiss"]
[EventRounds "7"]
[EventCountry "GER"]
[Source "Th. Schwetlick"]
[SourceDate "2003.08.28"]

1. e4 c5 2. Nf3 d6 3. d4 cxd4 4. Nxd4 Nf6 5. Bd3 Nc6 6. Nxc6 bxc6 7. Qe2 g6 8.
O-O Bg7 9. c4 O-O 10. Nc3 Rb8 11. h3 e5 12. Bg5 Qb6 13. b3 Be6 14. Rac1 Rbe8
15. c5 Qc7 16. cxd6 Qxd6 17. Na4 Nh5 18. Qc2 Nf4 19. Rfd1 Bxh3 20. Bf1 Qe6 21.
Bxf4 exf4 22. gxh3 f3 23. Qd3 Qf6 24. Qe3 Re5 25. Rd3 Rfe8 26. Qxf3 Qg5+ 27.
Kh2 Qxc1 28. Rd7 R5e7 29. Rxe7 Rxe7 30. Bc4 Qg5 0-1

[Event "Open 2003 des PSV Rostock"]
[Site "Rostock"]
[Date "2003.08.30"]
[Round "6.5"]
[White "Wagner Michel, Annett"]
[Black "Hueneburg, Christian"]
[Result "0-1"]
[WhiteElo "2145"]
[BlackElo "2268"]
[PlyCount "80"]
[EventDate "2003.08.28"]
[EventType "swiss"]
[EventRounds "7"]
[EventCountry "GER"]
[Source "Th. Schwetlick"]
[SourceDate "2003.08.28"]

1. e4 c5 2. Nf3 Nc6 3. Bb5 g6 4. O-O Bg7 5. Re1 e5 6. c3 Nge7 7. a4 O-O 8. Na3
Qc7 9. Bc4 a6 10. d3 d6 11. Bd2 Be6 12. Bxe6 fxe6 13. Ng5 Rf6 14. Qg4 h6 15.
Nh3 Raf8 16. b4 cxb4 17. cxb4 Nd4 18. Rac1 Qd7 19. Qd1 b5 20. axb5 axb5 21. Be3
Nec6 22. Nc2 Ra8 23. Bxd4 exd4 24. Ra1 Rff8 25. Qg4 Ne5 26. Qg3 Qc7 27. f4 Qxc2
28. Rxa8 Rxa8 29. fxe5 dxe5 30. Qxg6 Qxd3 31. Qxe6+ Kh8 32. Nf2 Qc4 33. Qd6 Qc3
34. Rf1 Rf8 35. Qc5 Qc4 36. Rc1 Qe2 37. Rf1 Kh7 38. h3 h5 39. Qc1 Rf7 40. Qd1
Rxf2 0-1

[Event "Open 2003 des PSV Rostock"]
[Site "Rostock"]
[Date "2003.08.30"]
[Round "6.6"]
[White "Hornych, Christoph"]
[Black "Prosch, Carsten"]
[Result "1/2-1/2"]
[WhiteElo "2169"]
[BlackElo "2236"]
[PlyCount "131"]
[EventDate "2003.08.28"]
[EventType "swiss"]
[EventRounds "7"]
[EventCountry "GER"]
[Source "Th. Schwetlick"]
[SourceDate "2003.08.28"]

1. e4 c6 2. d4 d5 3. Nd2 dxe4 4. Nxe4 Nd7 5. Nf3 Ngf6 6. Nxf6+ Nxf6 7. h3 Bf5
8. Bd3 Bxd3 9. Qxd3 e6 10. O-O Be7 11. Bf4 O-O 12. c3 Nd5 13. Bg3 Qb6 14. a3
Qxb2 15. Rfb1 Qxc3 16. Qxc3 Nxc3 17. Rxb7 Bf6 18. Kf1 Rfc8 19. Ne5 c5 20. dxc5
Rxc5 21. Nd7 Rb5 22. Nxf6+ gxf6 23. Rxb5 Nxb5 24. a4 Nc3 25. Ra3 Rc8 26. f3 Rc4
27. a5 a6 28. Be1 Nd5 29. Rb3 Rc2 30. Rd3 Ra2 31. Bd2 Kg7 32. Kf2 f5 33. Kg3
f4+ 34. Kg4 Kg6 35. g3 f5+ 36. Kh4 fxg3 37. Kxg3 f4+ 38. Kf2 Ne3 39. Ke1 Nd5
40. Rd4 Kf5 41. Rc4 Ra1+ 42. Kf2 Rh1 43. Rc6 Rxh3 44. Rxa6 Rh2+ 45. Ke1 h5 46.
Ra8 Rh1+ 47. Kf2 Ra1 48. Rh8 Kg5 49. Rg8+ Kf6 50. Rh8 Kg6 51. Re8 Kf7 52. Rh8
Kg6 53. Re8 Kf6 54. Rh8 Ke5 55. Rxh5+ Kd4 56. Ke2 Ra2 57. Rh8 Nc3+ 58. Ke1 Rxa5
59. Rd8+ Rd5 60. Rxd5+ Nxd5 61. Kf2 Kd3 62. Ba5 e5 63. Bd8 Ne3 64. Bc7 Nc4 65.
Bb8 Kd2 66. Bc7 1/2-1/2

[Event "Open 2003 des PSV Rostock"]
[Site "Rostock"]
[Date "2003.08.30"]
[Round "6.8"]
[White "Porsch, Harald"]
[Black "Dettmann, Gerd"]
[Result "1/2-1/2"]
[WhiteElo "2248"]
[BlackElo "2162"]
[PlyCount "120"]
[EventDate "2003.08.28"]
[EventType "swiss"]
[EventRounds "7"]
[EventCountry "GER"]
[Source "Th. Schwetlick"]
[SourceDate "2003.08.28"]

1. e4 c5 2. Nf3 Nc6 3. d4 cxd4 4. Nxd4 Nf6 5. Nc3 e5 6. Ndb5 d6 7. Bg5 a6 8.
Bxf6 gxf6 9. Na3 Rg8 10. Nc4 Nd4 11. Nd5 Bg4 12. Qd3 Rc8 13. Nce3 Bd7 14. c3
Ne6 15. Qd1 Nc5 16. Qf3 Rg6 17. h3 Be6 18. g4 Bh6 19. Be2 Bxe3 20. Qxe3 Bxd5
21. exd5 Qb6 22. O-O-O Na4 23. Qxb6 Nxb6 24. Kc2 h6 25. b3 Ke7 26. Bf3 Rc5 27.
Rd3 Rg8 28. Kb2 a5 29. Re1 Rgc8 30. a4 Nd7 31. c4 R5c7 32. Rde3 Rg8 33. Be4 Nf8
34. Kc3 Nd7 35. Rf3 Nc5 36. Bc2 Rcc8 37. Rf5 Rg5 38. Re3 Rcg8 39. Ref3 R8g6 40.
Rxg5 Rxg5 41. b4 axb4+ 42. Kxb4 h5 43. Rf5 hxg4 44. Rxg5 fxg5 45. hxg4 Kd7 46.
a5 Kc7 47. Kb5 Kb8 48. f3 Ka7 49. Kb4 Na6+ 50. Ka4 Kb8 51. Kb5 Kc7 52. Bf5 Nb8
53. Be4 Nd7 54. Bf5 Nc5 55. Bc2 f6 56. Kb4 b6 57. Kb5 bxa5 58. Kxa5 Kb7 59. Kb5
Kc7 60. Ka5 Nd7 1/2-1/2

[Event "Open 2003 des PSV Rostock"]
[Site "Rostock"]
[Date "2003.08.30"]
[Round "6.9"]
[White "Ott, Mathias"]
[Black "Rudolf, Henrik"]
[Result "0-1"]
[WhiteElo "1899"]
[BlackElo "2316"]
[PlyCount "112"]
[EventDate "2003.08.28"]
[EventType "swiss"]
[EventRounds "7"]
[EventCountry "GER"]
[Source "Th. Schwetlick"]
[SourceDate "2003.08.28"]

1. d4 g6 2. c4 Bg7 3. Nf3 Nf6 4. Nc3 O-O 5. g3 d6 6. Bg2 Nbd7 7. O-O e5 8. dxe5
dxe5 9. Bg5 h6 10. Bxf6 Qxf6 11. Nd5 Qd8 12. Qc2 c6 13. Ne3 Qb6 14. Nd2 Nc5 15.
Rad1 Be6 16. Ne4 Rad8 17. Nxc5 Qxc5 18. b3 f5 19. Rxd8 Rxd8 20. Rd1 Rd4 21. Nf1
e4 22. e3 Rxd1 23. Qxd1 Bf6 24. Nd2 Kf7 25. Nb1 Ke7 26. Kf1 a5 27. Ke1 a4 28.
Bf1 axb3 29. axb3 Qb4+ 30. Ke2 f4 31. Nd2 f3+ 32. Ke1 Bc3 33. Qc2 c5 34. h4 g5
35. hxg5 hxg5 36. Qd1 g4 37. Qc2 Bxd2+ 38. Qxd2 Qxb3 39. Qa5 b6 40. Qa7+ Kf6
41. Qb8 Qc2 42. Qd8+ Kg6 43. Qe8+ Bf7 44. Qc6+ Kg7 45. Qd6 Qc1+ 46. Qd1 Qxd1+
47. Kxd1 Kf6 48. Kc2 Bg6 49. Kb3 Ke5 50. Ka4 Be8+ 51. Kb3 Kd6 52. Ka3 Kc7 53.
Kb3 Kb7 54. Ka3 Ka6 55. Kb3 Ka5 56. Ka3 Ba4 0-1

[Event "Open 2003 des PSV Rostock"]
[Site "Rostock"]
[Date "2003.08.30"]
[Round "6.10"]
[White "Dekker, Theus"]
[Black "Knuth, Hannes"]
[Result "0-1"]
[WhiteElo "1852"]
[BlackElo "2313"]
[PlyCount "80"]
[EventDate "2003.08.28"]
[EventType "swiss"]
[EventRounds "7"]
[EventCountry "GER"]
[Source "Th. Schwetlick"]
[SourceDate "2003.08.28"]

1. c4 e5 2. Nc3 Nf6 3. g3 Bb4 4. Bg2 Nc6 5. Nf3 d6 6. d3 O-O 7. O-O Be6 8. Bg5
Bxc3 9. bxc3 h6 10. Bxf6 Qxf6 11. Nd2 Qe7 12. Rb1 Rab8 13. e3 Qd7 14. d4 Bh3
15. d5 Ne7 16. e4 Ng6 17. Bxh3 Qxh3 18. Qf3 Qd7 19. Qf5 Qa4 20. Rb2 Ne7 21. Qg4
f5 22. Qd1 Qa5 23. Qc2 f4 24. Qb3 c6 25. Qb4 Qd8 26. c5 dxc5 27. Qxc5 b6 28.
Qa3 cxd5 29. Qxa7 d4 30. Qa3 d3 31. Qb3+ Kh8 32. Nc4 Ng6 33. Qb5 Qg5 34. Nxb6
fxg3 35. hxg3 Nf4 36. Qc5 d2 37. Rbb1 Nd3 38. Qe3 Qxe3 39. fxe3 Rxf1+ 40. Kxf1
Nc1 0-1

[Event "Open 2003 des PSV Rostock"]
[Site "Rostock"]
[Date "2003.08.30"]
[Round "6.11"]
[White "Priebe, Jan"]
[Black "Brack, Peter"]
[Result "1-0"]
[WhiteElo "2181"]
[BlackElo "1916"]
[PlyCount "83"]
[EventDate "2003.08.28"]
[EventType "swiss"]
[EventRounds "7"]
[EventCountry "GER"]
[Source "Th. Schwetlick"]
[SourceDate "2003.08.28"]

1. e4 e6 2. d4 d5 3. Nd2 c5 4. exd5 Qxd5 5. Ngf3 cxd4 6. Bc4 Qd6 7. O-O Nf6 8.
Nb3 Nc6 9. Nbxd4 Nxd4 10. Nxd4 Bd7 11. c3 Qc7 12. Qe2 a6 13. a4 Bd6 14. h3 Bh2+
15. Kh1 Bf4 16. Bxf4 Qxf4 17. Nf3 h5 18. Rfd1 Rd8 19. Rd4 Qc7 20. Ne5 O-O 21.
Bb3 Bc8 22. Rf4 Qe7 23. g4 g6 24. Rg1 hxg4 25. hxg4 Kg7 26. Kg2 Nd7 27. Nf3 b6
28. Rh1 Bb7 29. Qe3 Rh8 30. Rxh8 Kxh8 31. Kg3 Qd6 32. Qd4+ Qxd4 33. Rxd4 Kg7
34. Ne5 Bc8 35. Bc4 Kf8 36. Bxa6 Ke8 37. Bb5 g5 38. Nc6 e5 39. Rd1 f6 40. Nxd8
Kxd8 41. Bxd7 Bxd7 42. Rd6 1-0

[Event "Open 2003 des PSV Rostock"]
[Site "Rostock"]
[Date "2003.08.30"]
[Round "6.12"]
[White "Schroeder, Christian"]
[Black "Laser, Dirk"]
[Result "1-0"]
[WhiteElo "2155"]
[BlackElo "1801"]
[PlyCount "31"]
[EventDate "2003.08.28"]
[EventType "swiss"]
[EventRounds "7"]
[EventCountry "GER"]
[Source "Th. Schwetlick"]
[SourceDate "2003.08.28"]

1. d4 Nf6 2. c4 g6 3. Nc3 Bg7 4. e4 d6 5. f3 O-O 6. Bg5 h6 7. Be3 Nc6 8. Qd2
Kh7 9. g4 e5 10. Nge2 Bxg4 11. fxg4 Nxg4 12. O-O-O h5 13. Kb1 Nxe3 14. Qxe3
exd4 15. Nxd4 Ne5 16. Be2 1-0

[Event "Open 2003 des PSV Rostock"]
[Site "Rostock"]
[Date "2003.08.30"]
[Round "6.14"]
[White "Illgen, Alexander"]
[Black "Schinke, Andreas"]
[Result "0-1"]
[WhiteElo "1774"]
[BlackElo "2072"]
[PlyCount "114"]
[EventDate "2003.08.28"]
[EventType "swiss"]
[EventRounds "7"]
[EventCountry "GER"]
[Source "Th. Schwetlick"]
[SourceDate "2003.08.28"]

1. d4 Nf6 2. c4 g6 3. Nc3 Bg7 4. e4 d6 5. h3 O-O 6. Nf3 e5 7. Be3 Nc6 8. dxe5
Nxe5 9. Nxe5 dxe5 10. Bc5 Re8 11. Qb3 c6 12. Rd1 Qa5 13. Bb4 Qa6 14. c5 b5 15.
cxb6 Qxb6 16. Bc4 Be6 17. Bxe6 Rxe6 18. Qa3 Rb8 19. Bc5 Qxb2 20. Qa5 Ree8 21.
O-O Bh6 22. Rb1 Qc2 23. Rxb8 Rxb8 24. Qxa7 Re8 25. Be7 Nxe4 26. Nxe4 Qxe4 27.
Qd7 Ra8 28. Qb7 Qa4 29. Bd6 Qa6 30. Qc7 e4 31. Re1 e3 32. fxe3 Qa5 33. Qxa5
Rxa5 34. Re2 f5 35. Kf2 Kf7 36. Rc2 Ra6 37. Kf3 Ke6 38. Bc5 Kd5 39. Be7 Ra5 40.
g4 c5 41. gxf5 gxf5 42. Rc3 c4 43. Rc2 Bg7 44. Bg5 c3 45. Be7 Rb5 46. Ba3 Kc4
47. Ke2 Rb6 48. Bc1 Rg6 49. Kf3 Kd3 50. Rg2 Rxg2 51. Kxg2 Kc2 52. Ba3 Kb1 53.
Bb4 Kxa2 54. Kf3 c2 55. Bd2 Be5 56. e4 f4 57. Kg4 Kb1 0-1